[Event "Tripoli Four Seasons-B"]
[Site "Tripoli"]
[Date "2020.03.09"]
[Round "1"]
[White "Albosaifi, Malek A"]
[Black "Brka, Emad A"]
[Result "1/2-1/2"]
[WhiteElo "1717"]
[BlackElo "1522"]
[PlyCount "77"]
[EventDate "2020.03.09"]
[EventType "tourn"]
[EventRounds "9"]
[EventCountry "LBY"]
[SourceTitle "CBM 195 Extra"]
[Source "ChessBase"]
[SourceDate "2020.05.31"]
[SourceVersion "1"]
[SourceVersionDate "2020.05.31"]
[SourceQuality "1"]

1. f4 Nf6 2. Nf3 g6 3. g3 Bg7 4. Nc3 d6 5. d3 Nc6 6. Bg2 0-0 7. e4 e5 8. 0-0 Bg4 9. Qe1 Bxf3 10. Bxf3 Nd4 11. Qf2 Nxf3+ 12. Qxf3 h6 13. fxe5 dxe5 14. Bxh6 Bxh6 15. Qxf6 Qxf6 16. Rxf6 c6 17. Rd1 Rac8 18. Rf3 Rcd8 19. b3 Rd7 20. Na4 b6 21. Rf6 b5 22. Nb2 Be3+ 23. Kg2 Bd4 24. Rb1 c5 25. Rc6 Kg7 26. Nd1 c4 27. bxc4 bxc4 28. Rxc4 f5 29. exf5 gxf5 30. a4 f4 31. gxf4 Rxf4 32. c3 Bb6 33. Rxf4 exf4 34. d4 Kf6 35. Nf2 Rg7+ 36. Kf3 Kf5 37. Rb5+ Ke6 38. Ne4 Rc7 39. a5 1/2-1/2

[Event "Tripoli Winter op"]
[Site "Tripoli"]
[Date "2018.02.10"]
[Round "5"]
[White "Albosaifi, Malek A"]
[Black "Kachoud, Massaoud"]
[Result "0-1"]
[WhiteElo "1793"]
[BlackElo "1738"]
[PlyCount "86"]
[EventDate "2018.02.05"]
[EventType "swiss"]
[EventRounds "9"]
[EventCountry "LBY"]
[SourceTitle "CBM 182 Extra"]
[Source "ChessBase"]
[SourceDate "2018.02.23"]
[SourceVersion "1"]
[SourceVersionDate "2018.02.23"]
[SourceQuality "1"]

1. d4 d5 2. c4 e6 3. Nf3 Nf6 4. e3 c6 5. b3 Ne4 6. a3 Be7 7. Bb2 Nd7 8. Bd3 0-0 9. Nbd2 f5 10. Ne5 Nxe5 11. dxe5 Bh4 12. g3 Be7 13. f4 Bc5 14. Qe2 Qb6 15. b4 Nxd2 16. Kxd2 Rd8 17. Bc3 Bxe3+ 18. Qxe3 dxc4 19. Qxb6 axb6 20. Kc2 cxd3+ 21. Kb3 Bd7 22. Bd4 c5 23. bxc5 bxc5 24. Bxc5 d2 25. a4 Bc6 26. Bd6 Bxh1 27. Rxh1 Ra5 28. Rd1 Rd5 29. Bb4 Rd3+ 30. Kc2 R3d5 31. Rxd2 Rc8+ 32. Kd1 Rxd2+ 33. Bxd2 b6 34. Be3 Ra8 35. Bxb6 Rxa4 36. h4 Ra2 37. Ke1 Kf7 38. Bc5 Kg6 39. Kf1 Kh5 40. Bf8 g6 41. Bc5 Kg4 42. Bf2 Kf3 43. Be1 Ra1 0-1